000
00297nam a22001097a 4500
082
_a
355.028 KHA'G
100
_a
KHAN, MOHD AKBAR
_9
79354
245
_a
GUERRILLA WARFARE ITS PAST PRESENT AND FUTURE AND COUNTER GUERRILLA WARFAR
260
_a
KARACHI
_b
RANGRUT
_c
1960
300
_a
292P
942
_c
BK
999
_c
584397
_d
584397